Регионална библиотека "Любен Каравелов" - Русе

Речник на чуждите думи в българския език (Запис номер 454422)

MARC детайли
000 -Лидер
Контролно поле с фиксирана дължина nam a22 a 4500
003 - Код на организацията, давaща контролен номер
Контролно поле BLK
005 - Дата и час на последна редакция
Контролно поле 20220429092406.0
008 - Елементи от данни с фиксирана дължина
fixed length control field 220429b bul|||||r ||||||| ||bul||
010 ## - Наследен системен номер
LC control number KNG00171321000
040 ## - Източник на каталожния запис
Идентификатор на билиотеката - собственик на записа BLK
041 ## - Код за език
Код за езика на текст/звукозапис или на отделно заглавие Български
Код за езика КДБФ Български
080 ## - УДК
Текстов определител УДК Български език
УДК код - определител по УДК 811.163.2
УДК определител (038)
УДК - код + определител 811.163.2(038)
100 1# - Редна дума - Автор
Автор Милев, Александър Иванов
Авторска отговорност първи автор
R(LIN) 377355
139 ## - Редно поле
Редна дума Милев, Александър Иванов и др.
Авторски знак Миле - М 57
245 10 - Сведения за заглавието
Заглавие Речник на чуждите думи в българския език
Редно поле (дума) Александър Милев, Йордан Братков, Божил Николов; с предг. от Владимир Георгиев.
250 ## - Област на изданието
Сведения за изданието 2. изд.
257 ## - Страна на издаване
Страна на създаване/издаване България
260 ## - Област на издателските данни
Място на издаване, разпространение и проч. София
Име на издателя, разпространителя и проч. Наука и изкуство
Година на издаване 1964
300 ## - Физическа характеристика
Страници 757 с.
Размери/Мащаб 21 см
380 ## - Жанр
Жанр Езикознание. Филология
650 #4 - Допълнително описание по предмет – тема
Основно описание – тема или топоним Български език - чужди думи
9 (RLIN) 258827
650 #4 - Допълнително описание по предмет – тема
Основно описание – тема или топоним Чужди думи - в българския език - речници
9 (RLIN) 245118
653 ## - Ключова дума – ненормативна
Ключова дума речници
653 ## - Ключова дума – ненормативна
Ключова дума чужди думи
653 ## - Ключова дума – ненормативна
Ключова дума български език
700 1# - Други автори (авторска отговорност)
Лично име Братков, Йордан
Автороска отговорност (Описва отношението между автора и произведението) съавт.
9 (RLIN) 282116
700 1# - Други автори (авторска отговорност)
Лично име Николов, Божил
Автороска отговорност (Описва отношението между автора и произведението) съавт.
9 (RLIN) 102566
Пълна форма на името Иванов, Божил Николов
700 1# - Други автори (авторска отговорност)
Лично име Георгиев, Владимир Иванов
Автороска отговорност (Описва отношението между автора и произведението) с предг. от
9 (RLIN) 52345
852 ## - Местоположение
Форматна сигнатура Цб 32164
Фондова буква Хранилище
856 4# - Електронен адрес и достъп
Електронен формат pdf - файл
856 4# - Електронен адрес и достъп
Електронен формат pdf - файл
999 ## - СИСТЕМНИ КОНТРОЛНИ НОМЕРА
Koha biblionumber 454422
Koha biblioitemnumber 454422
942 ## - АРТИКУЛИ
Вид на библиотечния материал Книги
Скрит в OPAC Не
Периодичен библиозапис Да
944 ## - СЪЗДАВАНЕ И РЕДАКЦИЯ на ЗАПИСА
Създаване/Редакция Създаване
Дата на регистрацията/редакция 2022-04-29
Служител, извършил регистрацията/редакцията А.М.
Наличности
Код за отписване Код за изгубен артикул Източник на класификационната схема Код за повреда Коз за рестрикции Код за отдаване Артикулен № Име на библиотеката - собственик Име на библиотеката, в която се намира в момента Статус (Текущо местоположение) Дата на вписване в системата Местоположение - отдел Цена в лева Инвентарен номер Систематично азбучна сигнатура Баркод Цена в евро Служебен тип на артикула
  Не е изгубен Universal Decimal Classification Не е повреден само за читалня ползва се в читалня 883044 Регионална библиотека "Любен Каравелов" Русе Регионална библиотека "Любен Каравелов" Русе Хранилище 2022-05-03 Хранилище 3.72 4531/65 Цб 32164 900000094907 1.90 Книги
Vip Innovations Ltd, Rousse, Bulgaria 2025